Cartas sobre la prensa y la política militante de la República Argentina
Guardat en:
| Autor principal: | |
|---|---|
| Format: | Llibre |
| Idioma: | espanyol |
| Publicat: |
Buenos Aires
Ediciones Estrada, Bolívar 466
1945
|
| Edició: | 1a. ed |
| Col·lecció: | Biblioteca de Clásicos argentinos, 38
|
| Matèries: | |
| Etiquetes: |
Afegir etiqueta
Sense etiquetes, Sigues el primer a etiquetar aquest registre!
|
MARC
| LEADER | 00000nam a2200000 a 4500 | ||
|---|---|---|---|
| 001 | UCJ6516 | ||
| 003 | CL-VaPUC | ||
| 008 | 070124e19450403AG |||||||||||||||||spa|d | ||
| 082 | 0 | 4 | |a 982 |b ALB |2 21 |
| 100 | |a Alberdi, Juan Bautista, |d 1810-1884 |e author |9 331707 | ||
| 245 | 1 | 0 | |a Cartas sobre la prensa y la política militante de la República Argentina |
| 246 | 1 | 0 | |a Cartas quillotanas. Estudio preliminar de Horacio Zorraquín Becú |
| 250 | |a 1a. ed | ||
| 300 | |a 215 p | ||
| 942 | |c BK | ||
| 945 | |d 20070124 00:00:00 |a rinostro | ||
| 260 | |a Buenos Aires |b Ediciones Estrada, Bolívar 466 |c 1945 | ||
| 600 | 0 | |a Sarmiento, Domingo Faustino |9 311947 | |
| 600 | 0 | |a Rosas, Juan Manuel de |9 438178 | |
| 650 | 0 | |a Prensa y periodismo |z Chile |9 504409 | |
| 650 | 7 | |a GUERAS CIVILES |2 CL-VaPUC |9 513281 | |
| 650 | 0 | |a Sociedad |9 307903 | |
| 650 | 7 | |a UNITARIOS |2 CL-VaPUC |9 513282 | |
| 650 | 7 | |a FEDERALES |2 CL-VaPUC |9 513283 | |
| 650 | 7 | |a POLEMICAS |2 CL-VaPUC |9 506357 | |
| 651 | 0 | |a Argentina |9 254888 | |
| 651 | 0 | |a Quillota |9 265145 | |
| 651 | 0 | |a Valparaíso, Chile |9 261144 | |
| 583 | |a last modification |c 20070124 00:00:00 |k Rodrigo Vera | ||
| 490 | 0 | |a Biblioteca de Clásicos argentinos, 38 | |
| 999 | |c 322619 |d 322617 | ||
| 952 | |0 0 |1 0 |4 0 |6 982_000000000000000_ALB_1945 |7 0 |8 X |9 401657 |a FDOBUD |b FDOBUD |d 2019-11-22 |i 104897K |o 982 ALB 1945 |p 104897K |r 2019-11-22 |w 2019-11-22 |y BK_X |k BUD | ||